000 00633nam 22002293 4500
001 6003
021 _b44577/91
090 _a6003
100 _a20211231d1991 u||y0pory50 ba
200 _aAnita e o dia da mãe
_fGilbert Delahaye
_gil.Marcel Marlier
210 _aLisboa
_cEditorial Verbo
_d1991
215 _a21 p.
_cil.
225 _aAnita
_h15
606 _914
_aLiteratura infantil
606 _913
_aLiteratura Estrangeira
675 _a82-93
_vBN
_zpor
675 _a821.1/.8
_vBN
_zpor
700 _95332
_aDelahaye
_bGilbert
702 _95333
_aMarlier
_bMarcel
801 _aPT
_bBMVN
_gRPC
830 _cMaria Baixo
_d31122021
990 _cLIVROS